| 000 | 00379 a2200157 4500 | ||
|---|---|---|---|
| 001 | 74887 | ||
| 020 | _a9788526011113 | ||
| 040 | _cAnchieta - Colégio São Paulo | ||
| 100 | _aQueirós, Bartolomeu Campos de | ||
| 240 | 1 | 0 |
_aSomos todos igualzinhos _lpor |
| 245 | 1 | 0 | _aSomos todos igualzinhos |
| 300 | _a[14] | ||
| 362 | 0 | _a2006 | |
| 650 | 4 | _aLiteratura infantil | |
| 942 | _cBK | ||
| 999 |
_c74887 _d74887 |
||